The risk society and beyond : critical issues for social theory
Αποθηκεύτηκε σε:
| Άλλοι συγγραφείς: | , , |
|---|---|
| Μορφή: | Βιβλίο |
| Γλώσσα: | English |
| Δημοσίευση: |
London ; Thousand Oaks, Calif. :
SAGE,
2000, c2007
|
| Έκδοση: | 1st ed., Repr. |
| Θέματα: | |
| Ετικέτες: |
Προσθήκη ετικέτας
Δεν υπάρχουν, Καταχωρήστε ετικέτα πρώτοι!
|
MARC
| LEADER | 00000nam a2200000 i 4500 | ||
|---|---|---|---|
| 001 | 1/66159 | ||
| 008 | 071205s20002007 eng d | ||
| 020 | |a 978-0-7619-64698 | ||
| 035 | |l 10092836 | ||
| 040 | |a GR-MY-UA |b gre |e aacr | ||
| 041 | 0 | |a eng | |
| 082 | 0 | |a 302.12 |2 (22) | |
| 245 | 1 | 4 | |a The risk society and beyond : |b critical issues for social theory / |c edited by Barbara Adam, Ulrich Beck, and Joost van Loon |
| 250 | |a 1st ed., Repr. | ||
| 260 | |a London ; Thousand Oaks, Calif. : |b SAGE, |c 2000, c2007 | ||
| 300 | |a vii, 232 σ.; |b εικ.; |c 24 εκ. | ||
| 504 | |a Περιέχει βιβλιογραφικές παραπομπές και ευρετήριο | ||
| 650 | 0 | 0 | |a Risk perception. |
| 650 | 0 | 0 | |a Risk-taking (Psychology) |
| 650 | 0 | 0 | |a Social sciences |x Philosophy. |
| 700 | 1 | |a Adam, Barbara |d 1945- |4 edt | |
| 700 | 1 | |a Beck, Ulrich |d 1944- |4 edt | |
| 700 | 1 | |a Loon, Joost van. |4 edt | |
| 852 | |a INST |b SAMOS |e 20071205 |h 302.12 RIS |p 005300027563 |q 005300027563 |t BK |y 0 | ||
| 901 | |a BIBL3-2007-3 | ||
| 909 | |a Σ |b 140601 | ||
| 922 | |a 3ΕΛΗ |b 200711 |c ΕΠΕΑΕΚ2/ΤΜΠΕΣ |d ΕΛΕΥΘΕΡΟΥΔΑΚΗΣ | ||
| 970 | |a ΡΟΥΣΣΟΥ |b ΚΩΝΣΤΑΝΤΙΝΑ |z 2007/12/05 | ||